00836nac a22002297a 4500001001000000003000900010005001700019008003400036040005400070072000800124110008600132245011500218260003300333300001000366490009100376650002600467650002900493650002700522650003000549650001800579650000900597BR7307430BR-BrBNA20240105113550.0230509b bl.|||m| |||| 00| 0 por d aBR-BrBNAbporcBiblioteca Nacional de Agricultura aE301 aUnidade Regional de Supervisao Norte de Planejamento Agricola, Belem, PA (Brasil)1 aRelatorio analitico de atividades 1976 [Unidade Regional de Supervisao Norte de Planejamento Agricola, Brasil]3 aBelem, PA (Brasil): c1976.  a15 p. aRelatorio - Unidade Regional de Supervisao Norte de Planejamento Agricola (Brazil)vx aPLANEJAMENTO AGRICOLA aDESENVOLVIMENTO AGRICOLA aPLANEJAMENTO ECONOMICO aDESENVOLVIMENTO ECONOMICO aADMINISTRACAO aPARA